000 01306cam a22003617a 4500
003 CHAP
005 20220329142551.0
008 010920d2001 mx r 00110 spa d
010 _a85029
011 _a86001
035 _a96539
040 _cCHAP
090 _aTesis
100 0 0 _aArreola García, Sergio Manuel.
_97446
245 1 0 _aPruebas preliminares de germinación de semillas de Taxus globosa Schlecht. del Parque Nacional "El Chico", Hidalgo
_c/por Sergio Manuel Arreola García
260 _aChapingo, Méx. :
_bEl autor,
_c2001.
300 _a49 h. :
_bilus.
502 _aTesis (Ing. Forestal) -- UACH. División de Ciencias Forestales
590 _aALEPH
_b10
_c20130110
_lUCH01
_h1444
590 _aBATCH-UPD
_b10
_c20130110
_lUCH01
_h0652
590 _aBATCH-UPD
_b10
_c20130111
_lUCH01
_h0000
590 _aBATCH-UPD
_b10
_c20130410
_lUCH01
_h0336
590 _aBATCH-UPD
_b10
_c20130914
_lUCH01
_h0401
590 _aCONVERSION
_b10
_c20130109
_lUCH01
_h1347
650 1 4 _aSemillas
_xCalidad.
_9103881
650 1 4 _aSemillas
_xGerminación.
_9103903
650 1 4 _aTaxus globosa.
_9111775
901 _aBK
905 _aAlejandra Carrasco M.
942 _cFOLL
949 _aTesis
_bBC
_cTES
_d33724000859674
_eTS2
_fc.2
_h38690
_i96539
_si
949 _aTesis
_bBC
_cTES
_d965391
_eTS1
_h38689
_i96539
_sb
999 _c85029
_d85029